Saving your marriage

Bibliographic Details
Main Author: Arunan Selvaraj
Format: Book
Published: Selangor : True Wealth Sdn. Bhd , 2013
Subjects:

MARC

LEADER 00000cam a2200000 7i4500
001 0000039117
005 20131206.0
008 130606
020 |a 9674160210 
090 0 0 |a 646.78   |b ARU 
100 1 |a Arunan Selvaraj 
245 1 0 |a Saving your marriage   |c Dato' Dr Arunan Selvaraj 
260 |a Selangor :   |b True Wealth Sdn. Bhd ,   |c 2013 
650 0 |a Husband and wife   |x Conduct of life 
650 0 |a Marriage counseling 
650 0 |a Marriage   |x Psychological aspects 
999 |a 0001257282   |b Book   |c Adult Collection   |e Perbadanan Perpustakaan Awam Johor